000 00838nam a22002177a 4500
999 _c17102
_d17102
003 AR-CdUCM
008 190507b ||||| |||| 00| 0 spa d
040 _aMUNICIPALIDAD PROVINCIAL DEL CUSCO
_cBIBLIOTECA MUNICIPAL DEL CUSCO
082 _23ed.
_a891.32 /
_bD77
100 _aDostoievski, Fedor
_910078
245 _aEl eterno marido /
260 _aBuenos Aires :
_bLibr. Machete,
_c1945.
300 _a207 páginas ;
_c17 cm.
440 _aBiblioteca de bolsillo ;
_936947
505 _aContenido: El señor de la gasa negra -- Pavel Pavlovitch Trusotsky -- La mujer, el marido y el amante -- Nueva fantasía de un desocupado -- El marido y el amante se abrazan ...
650 _aNovelas rusas
_92132
650 _aSiglo XIX
_9971
700 _aBaeza, Ricardo (traductor)
_936948
942 _2ddc
_cLIBROS
945 _aacv
_d2019-05-07